| 000 | 00425 a2200157 4500 | ||
|---|---|---|---|
| 020 | _a8188554499 | ||
| 082 |
_aH100 9 _bSHY/R |
||
| 100 | _aSyam Babu Sharma | ||
| 245 |
_aRaghuveer sahay aur unka kavya "log bhool gaye hain"/ _cby Syam Babu Sharma |
||
| 260 |
_bVidya Prakashan, _aKanpur: _c2009. |
||
| 300 | _a112p. | ||
| 650 | _aPoetry Hindi Criticism | ||
| 650 | _aLiterature Hindi | ||
| 650 | _aLiterature | ||
| 942 | _cBK | ||
| 999 |
_c61064 _d61064 |
||